000 00483nam a2200181Ia 4500
001 61290
008 170111n2008 ii |||gr||||Z||||||asm
020 _a978-93-82624-31-8
082 _a891.413
100 _aSarma, Anjan,
_eAuthor.,
245 0 _aAitak moi kidare parhiboloi sikalo
_cby Anjan Sarma
_hTextual Documents
250 _a1st ed.
260 _aGuwahati
_bBhabani Books
_c2008
300 _a132p:
_c21cm.
653 _aAssamese
653 _aG-Assamese
942 _2ddc
_cBK
999 _c62399
_d62399